[Event "AUT-chT 2324"]
[Site "Austria"]
[Date "2024.03.22"]
[Round "9.6"]
[White "Neyman, Igor"]
[Black "Sipos, Istvan"]
[Result "1/2-1/2"]
[WhiteElo "2328"]
[BlackElo "2457"]
[PlyCount "45"]
[EventDate "2023.11.22"]
[EventType "team-tourn"]
[EventRounds "11"]
[EventCountry "AUT"]
[SourceTitle "CB13_2024"]
[SourceDate "2024.03.27"]
[SourceVersion "1"]
[SourceVersionDate "2024.03.27"]
[SourceQuality "1"]
[WhiteTeam "Goetzis"]
[BlackTeam "Pinggau Friedberg"]
[WhiteTeamCountry "AUT"]
[BlackTeamCountry "AUT"]

1. d4 Nf6 2. c4 e6 3. Nf3 d5 4. Nc3 Bb4 5. cxd5 exd5 6. Bg5 Qd6 7. Bxf6 Qxf6 8. Qb3 c5 9. dxc5 Bxc3+ 10. Qxc3 Qxc3+ 11. bxc3 0-0 12. e3 Nd7 13. Nd4 Nxc5 14. f3 Bd7 15. Kd2 Rac8 16. Be2 Rc7 17. Rhc1 Rfc8 18. Rab1 Na4 19. Rb3 Nc5 20. Rbb1 Na4 21. Rb3 Nc5 22. Rbb1 Na4 23. Rb3 1/2-1/2

[Event "SVK-chT 2324"]
[Site "Slovakia"]
[Date "2023.11.04"]
[Round "1.3"]
[White "Sipos, Istvan"]
[Black "Kukelko, Alexey"]
[Result "1/2-1/2"]
[WhiteElo "2463"]
[BlackElo "2357"]
[PlyCount "88"]
[EventDate "2023.11.04"]
[EventType "team-tourn"]
[EventRounds "11"]
[EventCountry "SVK"]
[SourceTitle "Mega2024 Update 01"]
[Source "Chessbase"]
[SourceDate "2023.11.12"]
[SourceVersion "1"]
[SourceVersionDate "2023.11.12"]
[SourceQuality "1"]
[WhiteTeam "Cebovce"]
[BlackTeam "Bratislava Slovan"]
[WhiteTeamCountry "SVK"]
[BlackTeamCountry "SVK"]

1. d4 Nf6 2. c4 e6 3. Nc3 Bb4 4. e3 0-0 5. Bd3 d5 6. a3 Bxc3+ 7. bxc3 dxc4 8. Bxc4 c5 9. Ne2 b6 10. 0-0 Qc7 11. Bd3 Bb7 12. f3 e5 13. e4 cxd4 14. cxd4 exd4 15. Bb2 Nc6 16. Bb5 Rac8 17. Rc1 Rfd8 18. Nxd4 Qf4 19. Bxc6 Bxc6 20. Qe2 Bd7 21. Rfd1 Rxc1 22. Rxc1 Rc8 23. Rxc8+ Bxc8 24. g3 Qc7 25. Kg2 a6 26. Nc2 Be6 27. Ne3 b5 28. Qd2 Nd7 29. g4 f6 30. Nd5 Qc5 31. Nf4 Qc4 32. Qd6 Nf8 33. Bd4 Bf7 34. Bc5 Nd7 35. Bb4 Qc2+ 36. Kg3 Qc8 37. h4 h6 38. Nd5 Kh7 39. g5 hxg5 40. hxg5 fxg5 41. Ne7 Qc1 42. Qxd7 Qg1+ 43. Kh3 Qh1+ 44. Kg3 Qg1+ 1/2-1/2

[Event "SVK-chT 2223"]
[Site "Slovakia"]
[Date "2023.03.31"]
[Round "9.5"]
[White "Sipos, Istvan"]
[Black "Kraus, Tomas"]
[Result "1/2-1/2"]
[WhiteElo "2464"]
[BlackElo "2479"]
[PlyCount "36"]
[EventDate "2022.10.22"]
[EventType "team-tourn"]
[EventRounds "11"]
[EventCountry "SVK"]
[SourceTitle "EXT 2024"]
[Source "ChessBase"]
[SourceDate "2023.10.10"]
[SourceVersion "1"]
[SourceVersionDate "2023.10.10"]
[SourceQuality "1"]
[WhiteTeam "Cebovce"]
[BlackTeam "Podhajska Aquamarin"]
[WhiteTeamCountry "SVK"]
[BlackTeamCountry "SVK"]

1. d4 d5 2. c4 e6 3. Nf3 Nf6 4. Nc3 c6 5. Bg5 Nbd7 6. e3 Qa5 7. cxd5 Nxd5 8. Rc1 Nxc3 9. bxc3 Ba3 10. Rc2 b6 11. Bd3 Ba6 12. 0-0 Bxd3 13. Qxd3 0-0 14. Rb1 Rfe8 15. Bh4 Bf8 16. Ng5 Qf5 17. Qxf5 exf5 18. Nf3 Bd6 1/2-1/2

[Event "SVK-chT1W 2223"]
[Site "Slovakia"]
[Date "2023.01.14"]
[Round "7.1"]
[White "Mihok, Oliver"]
[Black "Sipos, Istvan"]
[Result "1/2-1/2"]
[WhiteElo "2555"]
[BlackElo "2460"]
[PlyCount "73"]
[EventDate "2022.10.15"]
[EventType "team-tourn"]
[EventRounds "11"]
[EventCountry "SVK"]
[SourceTitle "EXT 2024"]
[Source "ChessBase"]
[SourceDate "2023.10.10"]
[SourceVersion "1"]
[SourceVersionDate "2023.10.10"]
[SourceQuality "1"]
[WhiteTeam "Nitra NSK"]
[BlackTeam "Gabcikovo MSK"]
[WhiteTeamCountry "SVK"]
[BlackTeamCountry "SVK"]

1. e4 e5 2. Nf3 Nc6 3. Bb5 a6 4. Ba4 Nf6 5. 0-0 Be7 6. Bxc6 dxc6 7. d3 Nd7 8. Nbd2 0-0 9. Nc4 f6 10. Nh4 Nc5 11. Nf5 Bxf5 12. exf5 Qd5 13. Qg4 Rfe8 14. Re1 Bf8 15. Nd2 a5 16. h3 a4 17. Ne4 Nxe4 18. Rxe4 b5 19. Qh5 Qf7 20. Qxf7+ Kxf7 21. Be3 g6 22. g4 Bd6 23. Kg2 h5 24. fxg6+ Kxg6 25. Kf3 Rh8 26. Rg1 hxg4+ 27. hxg4 c5 28. c4 b4 29. Ke2 a3 30. b3 Rh2 31. Bd2 Rah8 32. Re3 Rh1 33. Kf1 R8h4 34. Re4 R4h3 35. Re3 Rh4 36. Re4 R4h3 37. Re3 1/2-1/2

[Event "SVK-chT 2223"]
[Site "Slovakia"]
[Date "2022.10.23"]
[Round "2.5"]
[White "Sipos, Istvan"]
[Black "Jurcik, Marian"]
[Result "1/2-1/2"]
[WhiteElo "2464"]
[BlackElo "2400"]
[PlyCount "45"]
[EventDate "2022.10.22"]
[EventType "team-tourn"]
[EventRounds "11"]
[EventCountry "SVK"]
[SourceTitle "EXT 2024"]
[Source "ChessBase"]
[SourceDate "2023.10.10"]
[SourceVersion "1"]
[SourceVersionDate "2023.10.10"]
[SourceQuality "1"]
[WhiteTeam "Cebovce"]
[BlackTeam "Zilina Mladost"]
[WhiteTeamCountry "SVK"]
[BlackTeamCountry "SVK"]

1. e4 e5 2. Nf3 Nc6 3. Bb5 a6 4. Ba4 Nf6 5. 0-0 b5 6. Bb3 Bc5 7. c3 d6 8. d4 Bb6 9. a4 Rb8 10. axb5 axb5 11. Na3 Bg4 12. Nxb5 0-0 13. Bc2 Bxf3 14. gxf3 Nh5 15. Kh1 Qf6 16. Be3 Bxd4 17. cxd4 Rxb5 18. Ba4 Ra5 19. Bxc6 Rxa1 20. Qxa1 Qxf3+ 21. Kg1 Qg4+ 22. Kh1 Qf3+ 23. Kg1 1/2-1/2

[Event "SVK-chT1W 2122"]
[Site "Slovakia"]
[Date "2022.05.15"]
[Round "11.1"]
[White "Petran, Peter"]
[Black "Sipos, Istvan"]
[Result "1/2-1/2"]
[WhiteElo "2233"]
[BlackElo "2472"]
[PlyCount "67"]
[EventDate "2021.11.06"]
[EventType "team-tourn"]
[EventRounds "11"]
[EventCountry "SVK"]
[SourceTitle "EXT 2023"]
[Source "ChessBase"]
[SourceDate "2022.10.05"]
[SourceVersion "1"]
[SourceVersionDate "2022.10.05"]
[SourceQuality "1"]
[WhiteTeam "Bratislava Slovan III"]
[BlackTeam "Gabcikovo MSK"]
[WhiteTeamCountry "SVK"]
[BlackTeamCountry "SVK"]

1. g3 e5 2. c4 c6 3. d4 exd4 4. Qxd4 Nf6 5. Nc3 Na6 6. Bg2 Bc5 7. Qe5+ Be7 8. Nh3 d6 9. Qd4 d5 10. cxd5 Nb4 11. Qd1 Nbxd5 12. Bd2 0-0 13. Nf4 Nxf4 14. Bxf4 Qb6 15. Qc1 Be6 16. 0-0 Rfd8 17. Qc2 h6 18. b3 Qc5 19. Be3 Qh5 20. f3 Bc5 21. Bf2 Bxf2+ 22. Rxf2 Qc5 23. Rc1 b5 24. e4 Rac8 25. Nd5 Qa3 26. Nxf6+ gxf6 27. Bf1 Rd4 28. Qc5 Qxc5 29. Rxc5 a5 30. Rfc2 a4 31. Rxc6 Rxc6 32. Rxc6 axb3 33. axb3 Rb4 34. Rc5 1/2-1/2

[Event "SVK-chT1W 2122"]
[Site "Slovakia"]
[Date "2022.04.24"]
[Round "9.1"]
[White "Sipos, Istvan"]
[Black "Motuz, Karol"]
[Result "1/2-1/2"]
[WhiteElo "2472"]
[BlackElo "2301"]
[PlyCount "116"]
[EventDate "2021.11.06"]
[EventType "team-tourn"]
[EventRounds "11"]
[EventCountry "SVK"]
[SourceTitle "EXT 2023"]
[Source "ChessBase"]
[SourceDate "2022.10.05"]
[SourceVersion "1"]
[SourceVersionDate "2022.10.05"]
[SourceQuality "1"]
[WhiteTeam "Gabcikovo MSK"]
[BlackTeam "Povazska Bystrica"]
[WhiteTeamCountry "SVK"]
[BlackTeamCountry "SVK"]

1. d4 e6 2. c4 f5 3. Nc3 Nf6 4. Bf4 b6 5. a3 d6 6. Nf3 Be7 7. g3 Bb7 8. Bg2 Nbd7 9. Qc2 0-0 10. 0-0 Ne4 11. Rfe1 Nxc3 12. Qxc3 Bf6 13. Ng5 Bxg5 14. Bxb7 Rb8 15. Bxg5 Qxg5 16. Bc6 Rbd8 17. f4 Qf6 18. e4 Nb8 19. Ba4 c5 20. Rad1 cxd4 21. Rxd4 e5 22. fxe5 Qxe5 23. exf5 Qxf5 24. Qd2 Nd7 25. Bc2 Qh5 26. Rxd6 Qc5+ 27. Qd4 Ne5 28. Qxc5 Nf3+ 29. Kh1 bxc5 30. Rxd8 Rxd8 31. Rd1 Re8 32. Bd3 Re3 33. b4 Ne5 34. Bf1 Rxa3 35. bxc5 Rc3 36. Kg1 Rc2 37. Bg2 Nxc4 38. Be4 Rc3 39. Rd8+ Kf7 40. Rd7+ Kf6 41. Rxa7 Nd2 42. Bxh7 Rxc5 43. Ra6+ Ke7 44. Kg2 Nc4 45. h4 Ra5 46. Rc6 Ne5 47. Rc7+ Kf6 48. Bc2 Ra6 49. Bb3 Rb6 50. Rc3 g5 51. h5 Kg7 52. Bd1 Rb2+ 53. Kf1 g4 54. Re3 Kf6 55. Be2 Rb8 56. Re4 Rh8 57. Bxg4 Nxg4 58. Rxg4 Rxh5 1/2-1/2

[Event "SVK-chT1W 2122"]
[Site "Slovakia"]
[Date "2022.02.26"]
[Round "3.1"]
[White "Maslik, Miroslav"]
[Black "Sipos, Istvan"]
[Result "1/2-1/2"]
[WhiteElo "2371"]
[BlackElo "2472"]
[PlyCount "27"]
[EventDate "2021.11.06"]
[EventType "team-tourn"]
[EventRounds "11"]
[EventCountry "SVK"]
[SourceTitle "EXT 2023"]
[Source "ChessBase"]
[SourceDate "2022.10.05"]
[SourceVersion "1"]
[SourceVersionDate "2022.10.05"]
[SourceQuality "1"]
[WhiteTeam "Bratislava Lokomotiva"]
[BlackTeam "Gabcikovo MSK"]
[WhiteTeamCountry "SVK"]
[BlackTeamCountry "SVK"]

1. d4 e6 2. c4 Nf6 3. Nc3 Bb4 4. e3 0-0 5. Bd3 d5 6. cxd5 exd5 7. Nge2 Re8 8. 0-0 Bd6 9. f3 c5 10. Nb5 Bf8 11. dxc5 Bxc5 12. Nbd4 Nc6 13. Qb3 Ne5 14. Bd2 1/2-1/2

[Event "HUN-chT 2122"]
[Site "Hungary"]
[Date "2021.10.31"]
[Round "2.5"]
[White "Sipos, Istvan"]
[Black "Seres, Lajos"]
[Result "1/2-1/2"]
[WhiteElo "2472"]
[BlackElo "2396"]
[PlyCount "62"]
[EventDate "2021.10.10"]
[EventType "team-tourn"]
[EventRounds "9"]
[EventCountry "HUN"]
[SourceTitle "EXT 2023"]
[Source "ChessBase"]
[SourceDate "2022.10.05"]
[SourceVersion "1"]
[SourceVersionDate "2022.10.05"]
[SourceQuality "1"]
[WhiteTeam "Kobanya Aquarena"]
[BlackTeam "Morihana"]
[WhiteTeamCountry "HUN"]
[BlackTeamCountry "HUN"]

1. c4 c5 2. Nc3 g6 3. g3 Bg7 4. Bg2 Nc6 5. d3 Nf6 6. e4 0-0 7. Nge2 d6 8. 0-0 Ne8 9. a3 Nc7 10. Rb1 Ne6 11. b4 Ned4 12. Nxd4 Nxd4 13. Ne2 Bg4 14. f3 Bd7 15. Bb2 b5 16. bxc5 dxc5 17. Nxd4 cxd4 18. cxb5 Bxb5 19. f4 Bc6 20. Qd2 Rb8 21. Ba1 e5 22. Rfc1 Bd7 23. Rb4 Qa5 24. Bb2 Rxb4 25. Qxb4 Qxb4 26. axb4 Rc8 27. Rxc8+ Bxc8 28. Kf2 f6 29. fxe5 fxe5 30. Bc1 Bf8 31. Bd2 Kf7 1/2-1/2

[Event "HUN-ch 68th"]
[Site "Budapest"]
[Date "2019.12.10"]
[Round "1.1"]
[White "Papp, Gabor"]
[Black "Sipos, Istvan"]
[Result "1-0"]
[WhiteElo "2582"]
[BlackElo "2473"]
[PlyCount "195"]
[EventDate "2019.12.10"]
[EventType "k.o."]
[EventRounds "4"]
[EventCountry "HUN"]
[SourceTitle "CBM 193 Extra"]
[Source "ChessBase"]
[SourceDate "2020.01.31"]
[SourceVersion "1"]
[SourceVersionDate "2020.01.31"]
[SourceQuality "1"]

1. e4 e5 2. Nf3 Nc6 3. Bb5 Nf6 4. 0-0 Nxe4 5. Re1 Nd6 6. Nxe5 Be7 7. Bf1 Nxe5 8. Rxe5 0-0 9. d4 Bf6 10. Re1 b6 11. Bf4 Nf5 12. c3 d5 13. Nd2 Nh4 14. h3 c6 15. Be5 Bxe5 16. Rxe5 Qf6 17. g3 Ng6 18. Re3 Bd7 19. a4 Rae8 20. Rxe8 Rxe8 21. a5 b5 22. Nb3 Qg5 23. Qd2 h6 24. Re1 Re7 25. Rxe7 Qxd2 26. Re8+ Bxe8 27. Nxd2 Ne7 28. h4 Bd7 29. f3 g5 30. Kf2 gxh4 31. gxh4 Kg7 32. Nb3 Bf5 33. Nc5 Kf6 34. Na6 Bc8 35. Nb4 h5 36. Nd3 Ng6 37. Kg3 Bf5 38. Nb4 Ne7 39. Kf2 Bd7 40. Bd3 Ke6 41. Kg3 Kd6 42. Kf4 f6 43. Nc2 Be8 44. Ne3 Bg6 45. Bf1 Bb1 46. Bh3 Ng6+ 47. Kg3 Ne7 48. f4 c5 49. dxc5+ Kxc5 50. b4+ Kd6 51. Bf1 a6 52. Be2 Bg6 53. f5 Bf7 54. Kf4 Nc6 55. Nc2 Be8 56. Bf3 Bf7 57. Bd1 Be8 58. Be2 Bf7 59. Bf3 Be8 60. Bh1 Bf7 61. Bg2 Be8 62. Ne3 Bf7 63. Bf3 Ne5 64. Be2 Nc6 65. Nc2 Be8 66. Bd3 Bf7 67. Bf1 Be8 68. Bh3 Bf7 69. Ke3 Ke5 70. Ne1 d4+ 71. cxd4+ Nxd4 72. Nd3+ Kd5 73. Bg2+ Kc4 74. Nb2+ Kc3 75. Nd1+ Kc4 76. Nb2+ Kc3 77. Nd1+ Kc4 78. Bf1+ Kd5 79. Kf4 Nc2 80. Ne3+ Nxe3 81. Kxe3 Be8 82. Bd3 Bd7 83. Be2 Bxf5 84. Bxh5 Kc4 85. Kf4 Bh7 86. Bf7+ Kxb4 87. h5 Kc3 88. Bg6 Bg8 89. Kf5 b4 90. Kxf6 b3 91. Kg7 Bc4 92. h6 Bd3 93. Bxd3 Kxd3 94. h7 Kc2 95. h8Q b2 96. Qc8+ Kd2 97. Qb7 Kc1 98. Qxa6 1-0

[Event "SVK-chT 1819"]
[Site "Slovakia"]
[Date "2019.04.14"]
[Round "11.6"]
[White "Piorun, Kacper"]
[Black "Sipos, Istvan"]
[Result "1/2-1/2"]
[WhiteElo "2634"]
[BlackElo "2492"]
[PlyCount "103"]
[EventDate "2018.11.10"]
[EventType "team-tourn"]
[EventRounds "11"]
[EventCountry "SVK"]
[SourceTitle "CBM 189 Extra"]
[Source "ChessBase"]
[SourceDate "2019.06.03"]
[SourceVersion "1"]
[SourceVersionDate "2019.06.03"]
[SourceQuality "1"]
[WhiteTeam "Dunajov Inbest"]
[BlackTeam "Komarno"]
[WhiteTeamCountry "SVK"]
[BlackTeamCountry "SVK"]

1. e4 e5 2. Nf3 Nf6 3. Nxe5 d6 4. Nf3 Nxe4 5. Nc3 Nxc3 6. dxc3 Be7 7. Bf4 0-0 8. Qd2 Nd7 9. 0-0-0 Nc5 10. Bc4 Be6 11. Bxe6 Nxe6 12. Be3 Qd7 13. Kb1 Qc6 14. h4 Rae8 15. Qd3 f5 16. Rhe1 a6 17. h5 Bf6 18. h6 g6 19. Nd4 Qd5 20. f3 Nxd4 21. Bxd4 Bxd4 22. cxd4 f4 23. Qc3 c6 24. Qb4 b5 25. Qa5 Qf7 26. Rxe8 Rxe8 27. Qxa6 Qd7 28. a4 bxa4 29. Qxa4 d5 30. Rd3 Kf7 31. Rc3 Re1+ 32. Ka2 Re6 33. Rc5 g5 34. c4 Qb7 35. cxd5 cxd5 36. Ra5 Re2 37. Rb5 Qd7 38. Qa5 Kg6 39. Rxd5 Qe6 40. Ka3 Rxg2 41. Qa8 Qe2 42. Qc6+ Kh5 43. Rb5 Qd3+ 44. Ka2 Qxd4 45. Qe8+ Kh4 46. Qe1+ Kh3 47. Qh1+ Rh2 48. Qf1+ Kh4 49. Qe1+ Kh5 50. Qe8+ Kh4 51. Qe1+ Kh5 52. Qe8+ 1/2-1/2

[Event "SVK-chT1W 1819"]
[Site "Slovakia"]
[Date "2019.03.17"]
[Round "11.1"]
[White "Sipos, Istvan"]
[Black "Lipka, Juraj"]
[Result "1/2-1/2"]
[WhiteElo "2492"]
[BlackElo "2412"]
[PlyCount "26"]
[EventDate "2018.10.27"]
[EventType "team-tourn"]
[EventRounds "11"]
[EventCountry "SVK"]
[SourceTitle "CBM 189 Extra"]
[Source "ChessBase"]
[SourceDate "2019.06.03"]
[SourceVersion "1"]
[SourceVersionDate "2019.06.03"]
[SourceQuality "1"]
[WhiteTeam "Gabcikovo MSK"]
[BlackTeam "Bratislava Lokomotiva"]
[WhiteTeamCountry "SVK"]
[BlackTeamCountry "SVK"]

1. e4 e6 2. d4 d5 3. Bd3 c5 4. exd5 exd5 5. Nf3 c4 6. Be2 Nc6 7. b3 cxb3 8. axb3 Nf6 9. 0-0 Be7 10. c4 0-0 11. Nc3 Bf5 12. Ra4 a5 13. Be3 Nb4 1/2-1/2

[Event "SVK-chT 1819"]
[Site "Slovakia"]
[Date "2019.03.10"]
[Round "8.1"]
[White "Sipos, Istvan"]
[Black "Pechac, Jergus"]
[Result "1/2-1/2"]
[WhiteElo "2492"]
[BlackElo "2449"]
[PlyCount "119"]
[EventDate "2018.11.10"]
[EventType "team-tourn"]
[EventRounds "11"]
[EventCountry "SVK"]
[SourceTitle "CBM 189 Extra"]
[Source "ChessBase"]
[SourceDate "2019.06.03"]
[SourceVersion "1"]
[SourceVersionDate "2019.06.03"]
[SourceQuality "1"]
[WhiteTeam "Komarno"]
[BlackTeam "Zilina Mladost"]
[WhiteTeamCountry "SVK"]
[BlackTeamCountry "SVK"]

1. e4 e5 2. Nf3 Nc6 3. Bb5 Nf6 4. 0-0 Nxe4 5. Re1 Nd6 6. Nxe5 Nxe5 7. Rxe5+ Be7 8. Bf1 0-0 9. Nc3 Ne8 10. Nd5 Bd6 11. Re1 c6 12. Ne3 Be7 13. c4 d5 14. cxd5 cxd5 15. Nxd5 Bc5 16. d4 Qxd5 17. dxc5 Qxc5 18. Be3 Qa5 19. a3 Nf6 20. Bd4 Bg4 21. f3 Be6 22. Bxf6 gxf6 23. Qd4 Kg7 24. Rad1 Rac8 25. Qf2 Rfd8 26. h4 Rxd1 27. Rxd1 Qc5 28. Qxc5 Rxc5 29. Bd3 f5 30. f4 Bb3 31. Re1 Rd5 32. Re3 Kf6 33. Bxf5 Kxf5 34. Rxb3 b6 35. Kh2 f6 36. Kg3 Ke4 37. Rb4+ Ke3 38. Rc4 Rb5 39. b4 a5 40. bxa5 Rxa5 41. Rb4 f5 42. Rxb6 Rxa3 43. Re6+ Kd4+ 44. Kf2 Ra2+ 45. Kg1 Rc2 46. h5 Rc5 47. Kh2 Kd5 48. Re5+ Kd4 49. Rxc5 Kxc5 50. h6 Kd5 51. Kh3 Ke4 52. g3 Kd5 53. Kg2 Ke6 54. Kf2 Kf6 55. Ke3 Kg6 56. Kd4 Kxh6 57. Ke5 Kg6 58. Ke6 h6 59. Ke5 Kh5 60. Kxf5 1/2-1/2

[Event "HUN-chT 1819"]
[Site "Hungary"]
[Date "2019.01.27"]
[Round "4.3"]
[White "Sipos, Istvan"]
[Black "Volokitin, Andrei"]
[Result "0-1"]
[WhiteElo "2492"]
[BlackElo "2634"]
[PlyCount "80"]
[EventDate "2018.11.17"]
[EventType "team-tourn"]
[EventRounds "9"]
[EventCountry "HUN"]
[SourceTitle "CBM 188 Extra"]
[Source "ChessBase"]
[SourceDate "2019.02.26"]
[SourceVersion "1"]
[SourceVersionDate "2019.02.26"]
[SourceQuality "1"]
[WhiteTeam "Mako Duocor"]
[BlackTeam "Aquaprofit"]
[WhiteTeamCountry "HUN"]
[BlackTeamCountry "HUN"]

1. c4 g6 2. Nf3 Bg7 3. d4 Nf6 4. e3 0-0 5. Be2 c5 6. d5 e6 7. Nc3 exd5 8. cxd5 d6 9. Nd2 Na6 10. 0-0 Rb8 11. e4 Re8 12. Kh1 Nc7 13. a4 a6 14. a5 Bd7 15. f3 Bb5 16. Nc4 Bxc4 17. Bxc4 b5 18. axb6 Rxb6 19. Ra2 Nh5 20. g4 Nf6 21. Bf4 Nd7 22. Qd2 Ne5 23. Be2 Qc8 24. Be3 Rb4 25. Nd1 Nc4 26. Bxc4 Rxc4 27. Rg1 Qb7 28. Bf4 Nb5 29. Ne3 Rb4 30. Nf5 gxf5 31. gxf5 f6 32. Bh6 Re7 33. Raa1 Nd4 34. Bxg7 Rxg7 35. Qf4 Rxb2 36. Qxd6 Nxf3 37. Qe6+ Qf7 38. Qc8+ Qf8 39. Rxg7+ Kxg7 40. Qc7+ Kh8 0-1